000 01226cam a2200265 4500
001 ABS67154
008 031022n2003 000 0 eng u
035 _a(Sirsi) u123966
100 _aSchwarzer, S.
245 4 _aThe GEO data portal
260 _c2003
490 _aGeo Informatics
_v6(6) September 2003, 26-29(3)
520 _aExamines the Global Environment Outlook (GEO) Data Portal which was created to provide a comprehensive, reliable and timely supply of data for the preparation of UNEP's GEO reports. The portal provides access to a common and consistent set of data sets from primary sources including the United Nations. The portal has developed since October 2000 and now includes information on the state of natural resources, societal driving forces and root causes of environmental change and degradation.
590 _aABS
650 _aENVIRONMENTAL ISSUES
650 _aENVIRONMENTAL DATA
650 _aENVIRONMENTAL ASSESSMENT
650 _aENVIRONMENTAL REPORTING
650 _aINFORMATION SYSTEMS
650 _aMANAGEMENT-BUSINESS MANAGEMENT-INFORMATION MANAGEMENT
690 _aENVIRONMENTAL AND LAND CONSULTANCY
700 _aWoerden, J. van
700 _aWitt, R.
942 _n0
999 _c73620
_d73620